000 00625nam a2200253 a 4500
001 nice12345678
003 IN_TiNIC
005 20260116011659.0
008 050524s1916 mada grp 000 0 eng
020 _a
_c30
082 0 0 _a231
_bGAI1
100 _aGairdner, W H T
245 _aGod as Triune, Creator Incarnate, Atoner
260 _aMadras
_bChristian Literature Society
_c1916
300 _a65p
500 _aincludes index and biblioraphy
505 2 _aIndex
650 _aGod-Biblical Teaching
650 _aAtonement
700 1 _aGairdner, W H T
902 _bSRS
942 _cBK
999 _c3371
_d3371